Turner and others v Wandsworth LBC (Record no. 497)

MARC details
000 -LEADER
fixed length control field 01184cab a2200217 4500
001 - CONTROL NUMBER
control field ##ABS50904
008 - FIXED-LENGTH DATA ELEMENTS--GENERAL INFORMATION
fixed length control field 090401t1994 xxu||||| |||| 00| 0 eng d
035 ## - SYSTEM CONTROL NUMBER
System control number (Sirsi) u890
041 0# - LANGUAGE CODE
Language code of text/sound track or separate title eng
245 00 - TITLE STATEMENT
Title Turner and others v Wandsworth LBC
260 ## - PUBLICATION, DISTRIBUTION, ETC.
Date of publication, distribution, etc. 1994
350 ## - PRICE (NR) (BK AM CF MU VM SE) [OBSOLETE]
Price 0
490 #0 - SERIES STATEMENT
Series statement Estates Gazette
Volume/sequential designation (1994) 25 EG 148-149(2)
520 ## - SUMMARY, ETC.
Summary, etc. CA 15 February 1994. The landlords of City Farm opposed an application for a new tenancy under Landlord and Tenant Act 1954 s30(1)(f) on the grounds that W had entered into an agreement with adjoining owners to demolish buildings and occupy until market conditions improved. The fact that W intended that the demolition work be carried out by a company, counted as intention within the meaning of section 30(1)(f). The real motive of W, which was to sell the freehold, was irrelevant and W was entitled to oppose a new tenancy.
650 24 - SUBJECT ADDED ENTRY--TOPICAL TERM
Topical term or geographic name entry element LANDLORD AND TENANT ACT 1954 S30(1)(F)
650 24 - SUBJECT ADDED ENTRY--TOPICAL TERM
Topical term or geographic name entry element TURNER AND OTHERS V WANDSWORTH LBC
651 #4 - SUBJECT ADDED ENTRY--GEOGRAPHIC NAME
Geographic name England and Wales
Chronological subdivision 1543-
690 ## - LOCAL SUBJECT ADDED ENTRY--TOPICAL TERM (OCLC, RLIN)
Topical term or geographic name as entry element PROPERTY-COMMERCIAL PROPERTY-LEASEHOLD COMMERCIAL PROPERTY-COMMERCIAL LANDLORD AND TENANT-BUSINESS TENANCIES
942 ## - ADDED ENTRY ELEMENTS (KOHA)
Suppress in OPAC 0
948 ## - LOCAL PROCESSING INFORMATION (OCLC); SERIES PART DESIGNATOR (RLIN)
c (OCLC) 04/03/1997
Holdings
Withdrawn status Lost status Source of classification or shelving scheme Damaged status Not for loan Home library Current library Shelving location Date acquired Total Checkouts Full call number Barcode Date last seen Copy number Price effective from Koha item type
    Dewey Decimal Classification     London London Journal article 14/09/1999   ABS50904 890-1001 06/08/2019 1 06/08/2019 Law report